00329 2200145 4500001002100000005001500021035002000036245004200056100001700098300001200115260002200127082000800149084001400157990001200171INLIS00000000000204420250527091508 a0010-05250003361 aKarena Aku Rindu Kamu /cAriev Syauqy0 aAriev Syauqy a152 hlm bDiva Press,c2004 a813 a813 ARI k a0712677